Compendio de la historia de España (Record no. 160714)

MARC details
000 -LEADER
campo de control de longitud fija 00980nam a2200205 i 4500
001 - NÚMERO DE CONTROL
campo de control 160714
003 - IDENTIFICADOR DE NÚMERO DE CONTROL
campo de control ES-MaACL
005 - FECHA Y HORA DE LA ÚLTIMA TRANSACCIÓN
campo de control 20251005063125.0
008 - DATOS DE LONGITUD FIJA--INFORMACIÓN GENERAL
campo de control de longitud fija 010306s1841 sp a |||| |dspa d
100 1# - ENTRADA PRINCIPAL--NOMBRE DE PERSONA
Nombre de persona Nocedal, Cándido,
Fechas asociadas al nombre 1821-1885
9 (RLIN) 130505
245 10 - MENCIÓN DEL TÍTULO
Título Compendio de la historia de España
Resto del título : desde Ataulfo hasta nuestros días /
Mención de responsabilidad, etc. escrito por Cándido Manuel de Nocedal ; ilustrado con los retratos de los reyes y hombres célebres, dibujados y grabados en madera por artistas españoles.
260 ## - PUBLICACIÓN, DISTRIBUCIÓN, ETC.
Lugar de publicación, distribución, etc. Madrid :
Nombre del editor, distribuidor, etc. [s.n.],
Fecha de publicación, distribución, etc. 1841 (
Fabricante Imprenta de Miguel de Burgos)
300 ## - DESCRIPCIÓN FÍSICA
Extensión 2 v. :
Otras características físicas il. ;
Dimensiones 22 cm.
500 ## - NOTA GENERAL
Nota general Tercer tomo con el mismo título por Baltasar Anduaga y Espinosa.
597 ## - NOTA DE DESCRIPCIÓN FÍSICA
NOTA DE DESCRIPCIÓN FÍSICA T. I. ([2], 86 p., [36] h. de grab.) -- t. II. (223 p., [45] h. de grab.)
599 ## - NOTA A LAS ILUSTRACIONES
NOTA A LAS ILUSTRACIONES Las h. de grab. son retr. de reyes y personajes ilustres.
651 #4 - PUNTO DE ACCESO ADICIONAL DE MATERIA--NOMBRE GEOGRÁFICO
Nombre geográfico España-
Subdivisión general Historia.
9 (RLIN) 8209
852 ## - LOCALIZACIÓN
Ubicación ES-MaACL
Número de control de estantería G-822-23
Nota libre . - Enc. hol.
Holdings
Estatus retirado Estado de pérdida Estado de daño No para préstamo Colección Biblioteca de origen Biblioteca actual Ubicación en estantería Fecha de adquisición Total de préstamos Signatura topográfica completa Código de barras Visto por última vez Precio de reemplazo Tipo de ítem Koha
        Libros del s. XIX Biblioteca del Ateneo de Madrid Biblioteca del Ateneo de Madrid Depósito 2 17/01/2008   G-822-23 1168295 23/02/2023 23/02/2023 Libro impreso antiguo